Države svijeta - Statistics

General Stats
  • This quiz has been taken 613 times
  • The average score is 98 of 196
Answers on the Map
Answers color-coded by a green-red scale on the quiz's map according to % correct below.
 
Answer Stats
Država % Correct
Hrvatska
86%
Kanada
85%
Srbija
83%
Francuska
81%
Italija
81%
Bosna i Hercegovina
80%
Rusija
80%
Albanija
79%
Brazil
79%
Crna Gora
79%
Portugal
78%
Austrija
77%
Danska
77%
Grčka
77%
Irska
77%
Slovenija
77%
Finska
76%
Kosovo
76%
Meksiko
76%
Njemačka
76%
Norveška
76%
Poljska
76%
Švedska
76%
Ukrajina
76%
Belgija
75%
Island
75%
Argentina
74%
Australija
74%
Španjolska
74%
Kina
73%
Turska
73%
Bugarska
72%
Češka
72%
Japan
72%
Slovačka
72%
Švicarska
72%
Čile
71%
Estonija
71%
Indija
71%
Litva
71%
Sjedinjene Američke Države
71%
Bjelorusija
70%
Mađarska
70%
Nizozemska
69%
Ujedinjeno Kraljevstvo
68%
Egipat
67%
Madagaskar
67%
Sjeverna Makedonija
67%
Latvija
66%
Luksemburg
66%
Južna Koreja
65%
Andora
64%
Niger
64%
Rumunjska
64%
Sjeverna Koreja
64%
Urugvaj
64%
Iran
63%
Peru
63%
Vatikan
63%
Maroko
62%
Mongolija
62%
Irak
61%
Malta
61%
Pakistan
61%
Alžir
60%
Kazahstan
60%
Kuba
60%
Moldavija
60%
Paragvaj
60%
Bolivija
59%
Kolumbija
59%
San Marino
59%
Saudijska Arabija
59%
Uzbekistan
59%
Indonezija
58%
Izrael
58%
Nigerija
58%
Panama
57%
Venecuela
57%
Cipar
56%
Ekvador
56%
Monako
55%
Novi Zeland
55%
Sudan
55%
Tunis
55%
Filipini
54%
Južnoafrička Republika
54%
Kongo
54%
Lihtenštajn
54%
Ujedinjeni Arapski Emirati
54%
Afganistan
53%
Jemen
53%
Nepal
53%
Tajland
53%
Čad
52%
Turkmenistan
52%
Katar
51%
Mali
51%
Oman
51%
Sirija
51%
Gruzija
50%
Libija
50%
Vijetnam
50%
Angola
49%
Jamajka
49%
Somalija
49%
Šri Lanka
49%
Armenija
47%
Bangladeš
47%
Gvineja
47%
Butan
46%
Etiopija
46%
Tadžikistan
46%
Jordan
45%
Dominika
44%
Honduras
44%
Južni Sudan
44%
Kostarika
44%
Malezija
44%
Kirgistan
43%
Zimbabve
43%
Azerbajdžan
42%
Gana
42%
Kenija
42%
Senegal
42%
Haiti
41%
Zambija
41%
Bocvana
40%
Laos
40%
Obala Bjelokosti
40%
Tajvan
40%
Kamerun
39%
Bahami
38%
Dominikanska Republika
38%
Nikaragva
38%
Tanzanija
38%
Demokratska Republika Kongo
37%
Gvajana
37%
Gvatemala
37%
Kambodža
37%
Papua Nova Gvineja
37%
Sveta Lucija
37%
Eritreja
36%
Kuvajt
36%
Maldivi
36%
Surinam
36%
Fidži
35%
Mozambik
35%
Namibija
35%
Singapur
35%
Togo
35%
Libanon
34%
Liberija
34%
Sejšeli
34%
Belize
33%
Lesoto
33%
Gabon
32%
Ruanda
32%
Bahrein
31%
Uganda
31%
Burkina Faso
30%
Mijanmar
30%
Benin
29%
Brunej
29%
Mikronezija
29%
Trinidad i Tobago
29%
Barbados
28%
Džibuti
28%
Salvador
28%
Burundi
27%
Malavi
26%
Sveti Toma i Princip
24%
Ekvatorijalna Gvineja
23%
Gambija
23%
Gvineja Bisau
23%
Kiribati
22%
Mauricijus
22%
Palau
22%
Antigva i Barbuda
20%
Tonga
20%
Esvatini
19%
Grenada
19%
Maršalovi otoci
19%
Tuvalu
19%
Istočni Timor
18%
Komori
18%
Nauru
18%
Samoa
18%
Siera Leone
18%
Vanuatu
17%
Sveti Vincent i Grenadini
15%
Solomonski Otoci
13%
Sveti Kristofor i Nevis
13%
Mauretanija
12%
Središnja Afrička Republika
11%
Kapverdski otoci
5%
No matching quizzes found
Score Distribution
Percent of People with Each Score
Percentile by Number Answered
Your Score History
You have not taken this quiz